Une approche communicative … /
Сохранить в:
| Главный автор: | |
|---|---|
| Формат: | |
| Опубликовано: |
Hitier.
1991
|
| Предметы: | |
| Метки: |
Добавить метку
Нет меток, Требуется 1-ая метка записи!
|
| Thư viện lưu trữ: | Mạng thư viện Đại học Đà Nẵng |
|---|
| LEADER | 00835nam a22002531a 4500 | ||
|---|---|---|---|
| 001 | 000036575 | ||
| 003 | 12870 | ||
| 005 | 20221208152622.0 | ||
| 008 | 160408s1991 000 | ||
| 082 | |a 440 |b WI-H | ||
| 100 | |a Widdowson, H.G | ||
| 245 | 0 | |a Une approche communicative … / |c H.G Widdowson. | |
| 260 | |c 1991 |b Hitier. | ||
| 300 | |a 191tr. : ; |c 24cm. | ||
| 653 | |a communicative |a approche communicative | ||
| OWN | |a LNN | ||
| AVA | |a UDN50 |b LNN |c French |d 440WI-H |e available |t Error 5001 Not defined in file expand_doc_bib_avail. |f 1 |g 0 |h N |i 0 |j PN | ||
| 999 | |a From the UDN01 | ||
| AVA | |a UDN50 |b LNN |c French |d 440WI-H |e available |t Error 5001 Not defined in file expand_doc_bib_avail. |f 1 |g 0 |h N |i 0 |j PN | ||
| TYP | |a Monograph | ||
| 980 | |a Mạng thư viện Đại học Đà Nẵng | ||